00570nam a2200169Ia 4500008004100000020001500041041001200056082001600068100001500084245006000099260002500159300000800184650001600192942000700208999001500215952017000230221030s9999 xx 000 0 und d a8120309294 aEnglish a105.23bJai aA. K. Jain 0aFundamentals of Digital Image Processingcby A. K. Jain bPHIaNew Delhic1997 a569 aBE Computer cBK c8547d8547 pBE 739g175.00l0o105.23 Jair2024-06-13 00:00:00w2022-10-30yBK003Print4070aMIETLIBbMIETLIBcBL-Academic Block c, FL-1, CUP-50, SH-5, R-5d1999-12-1110HBE